000 00543nam a2200205Ia 4500
003 GCL
008 140319s9999 xx 000 0 eng d
040 _aGCL /
_cGCL
082 0 4 _a709.0444
_bC V
100 1 _aLEMOINE, SERGE
245 1 0 _aVINGT - CINQ ANS D'ART EN FRANCE 1960 - 1985 /
_cLEMOINE, SERGE
700 1 _aCEYSSON, BERNARD
260 _a[S.N] :
_bJACQUES LEGRAND S.A ،
_c1986
300 _a355 P
650 0 4 _aFRENCH ARTS
650 0 4 _aARTS
650 0 4 _aART - HISTORY
650 0 4 _aMODERN ART - FRANCE
942 _2ddc
_cBK
999 _c15297
_d15297